| 000 | 00351 a2200145 4500 | ||
|---|---|---|---|
| 999 |
_c321153 _d321153 |
||
| 001 | 86080 | ||
| 003 | NUST | ||
| 005 | 20180120161505.0 | ||
| 008 | 180120b xxu||||| |||| 00| 0 eng d | ||
| 020 | _a9789699445002 | ||
| 082 | _a297.1225 ZAH | ||
| 100 |
_aZahid Malik _99300 |
||
| 245 | _aMazameen-e-Quran Hakeem | ||
| 260 |
_aLahore _bBin Qutab International _c2010 |
||
| 300 | _a800p. | ||
| 500 | _aPAF book Club | ||
| 942 |
_aNUST-CAE _k297.1225 ZAH _cBK _2ddc |
||